Income inequality and poverty in Malaysia

Bibliographic Details
Main Author: HASHIM
Format: Book
Published: Lanham, MA, USA : Rowman & Little Pub. , 1998
Subjects:

MARC

LEADER 00000cam a2200000 7i4500
001 0000000051
005 20000626.0
020 0 0 |a 0847688585 
090 0 0 |a 339.209595   |b HAS 1998 
100 0 0 |a HASHIM   |h Shireen Mardziah 
245 1 0 |a Income inequality and poverty in Malaysia   |c Shireen Mardziah Hashim 
260 0 0 |a Lanham, MA, USA :   |b Rowman & Little Pub. ,   |c 1998 
300 |a xxv, 243 p. ;   |c 23 cm. 
500 0 0 |a Bibliography [p. 231-241] and index 
650 0 0 |a Income distribution   |z Malaysia 
650 0 0 |a Poverty   |z Malaysia 
999 |a 0000000988   |b Monograph   |c Open Shelf   |e Default branch